000 01135nam a2200265 i 4500
001 180236
003 ES-MaACL
005 20250928125547.0
008 120521s1998 sp |||| | spa d
020 _a84-89794-19-7(V.15)
080 _a821.134.2-2"15"
100 1 _aVega, Lope de,
_d1562-1635
_9113563
245 1 0 _aComedias.
_nXV /
_cLope de Vega ; [edición y prólogo de Jesús Gómez y Paloma Cuenca].
260 _aMadrid :
_bTurner,
_c1998.
300 _aXIV, 976 p. ;
_c22 cm.
490 1 _aBiblioteca Castro
490 1 _aObras completas de Lope de Vega ;
_v15
505 8 _aContiene: El niño inocente de La Guardia. Don Juan de Castro II. El ejemplo de casadas y prueba de la paciencia. El genovés liberal. El hidalgo Bencerraje. El piadoso veneciano. Los Porceles de Murcia. Los Ramírez de Arellano. El anzuelo de Fenisa. La discreta enamorada
700 0 _aGómez, Jesús.
_957769
700 1 _aCuenca Muñoz, Paloma,
_d1966-
_9150048
830 0 _aBiblioteca Castro
_9178957
830 0 0 _aObras completas de Lope de Vega
_v15
_9191211
852 _aES-MaACL
_jL-29849
999 _c180236
_d180236